| 000 | 00730cam a22002651 4500 | ||
|---|---|---|---|
| 001 | 3107 | ||
| 003 | BD-RjUL | ||
| 005 | 20211208233657.0 | ||
| 008 | 131218s1955 at a 001 0 eng | ||
| 035 | _a(BD-RjUL)3141 | ||
| 035 | _a(OCoLC)4787591 | ||
| 040 |
_aDLC _cScU _dUk _dDLC _beng |
||
| 041 | _aeng | ||
| 082 |
_a338.1 _216 _bSHR 1955 |
||
| 100 | 1 |
_aShannon, Ian. _99846 |
|
| 245 | 1 | 0 |
_aRural industries in the Australian economy / _cIan Shannon |
| 260 |
_aMelbourne; _bCheshire, _c1955 |
||
| 300 |
_a150 p. _billus. _c23 cm. |
||
| 526 | _bEconomics | ||
| 650 | 0 |
_aProduce trade _zAustralia. _99847 |
|
| 650 | 0 |
_aAgriculture _xEconomic aspects. _99848 |
|
| 942 |
_2ddc _cBK |
||
| 999 |
_c3107 _d3107 |
||